| 000 | 01050nam a2200301Ia 4500 | ||
|---|---|---|---|
| 000 | nam a22 i 4500 | ||
| 001 | UNACH-14689 | ||
| 007 | ta | ||
| 008 | 221212s ||||fr|||| 00| | spa d | ||
| 020 | _a978-3-8228-3057-4 | ||
| 041 | 0 | _aeng | |
| 082 | 0 | 4 |
_a010 _bBiografía |
| 100 | 1 |
_aNewton, June, _eautor |
|
| 245 | 1 | 0 | _aMrs. Newton |
| 264 | 3 | 1 |
_a[Colonia.] : _aAlemania. : _bTaschen gmbh., _c2004 |
| 300 |
_a255 páginas : _bfotografías |
||
| 336 |
_atexto _btxt _2rdacontent |
||
| 337 |
_ano mediado _bn _2rdamedia |
||
| 338 |
_avolumen _bnc _2rdacarrier |
||
| 504 | _aIncluye contents, Bibliography | ||
| 505 | 0 | _aAustralia-Kangaroo Grounds.-- Warrandyte.-- Box Hill.-- Canterbury.-- South Yarra.-- London-Paris-Melbourne.-- Back to the farm.-- Paris-Rue Aubriot.-- Ramatuelle.-- Paris-Rue de 1 Abbé de 1 Epée.-- Monte Carlo.-- Los Angeles.-- Alice Aprings-Exhibitions and Bibliography. | |
| 650 | 1 | 4 | _aKANGAROO GROUNDS |
| 650 | 2 | 4 | _aEXHIBITIONS |
| 650 | 2 | 4 | _aFARM |
| 650 | 2 | 4 | _aLOS ANGELES |
| 942 |
_2ddc _c1 _n0 |
||
| 999 |
_c11040 _d11040 |
||